=LDR 00000nam 2200000 4500 =001 000247 =005 20250710121205 =035 ##$$a 0010-0725000074 =245 1#$$a Burung cekakak dan lautan /$c Peter omoko =100 #$$a Peter omoko =250 ##$$a Cetakan pertama =300 ##$$a 20 hlm. : $b Ilus. ; $c 21 cm =856 ##$$a TBM As suhada =260 ##$$a Rawamangun :$b Badan pengembangan dan pembinaan bahasa,$c 2022 =082 ##$$a 398.209 598 =084 ##$$a 398.209 598 PET b =020 ##$$a 978-623-307-382-0 =650 #4$$a Cerita anak indonesia-terjemahan =650 #4$$a Literasi-bahan bacaan